<?xml version="1.0" encoding="UTF-8"?>
<record
    xmlns:xsi="http://www.w3.org/2001/XMLSchema-instance"
    xsi:schemaLocation="http://www.loc.gov/MARC21/slim http://www.loc.gov/standards/marcxml/schema/MARC21slim.xsd"
    xmlns="http://www.loc.gov/MARC21/slim">

  <leader>01009cam a2200229 a 4500</leader>
  <controlfield tag="003">OSt</controlfield>
  <controlfield tag="005">20201028103029.0</controlfield>
  <controlfield tag="008">980128s1984    ck ao   r     000 0 spa d</controlfield>
  <datafield tag="040" ind1=" " ind2=" ">
    <subfield code="a">CO-BoPUJ</subfield>
    <subfield code="c">CO-JMCR</subfield>
  </datafield>
  <datafield tag="041" ind1="0" ind2=" ">
    <subfield code="a">spa</subfield>
  </datafield>
  <datafield tag="082" ind1="0" ind2="4">
    <subfield code="a">986.1 / </subfield>
    <subfield code="b">G748h</subfield>
    <subfield code="2">23</subfield>
  </datafield>
  <datafield tag="100" ind1="1" ind2=" ">
    <subfield code="a">Granados, Rafael Mar&#xED;a, </subfield>
    <subfield code="d">1897-1988</subfield>
    <subfield code="e">autor</subfield>
    <subfield code="9">12081</subfield>
  </datafield>
  <datafield tag="245" ind1="1" ind2="0">
    <subfield code="a">Historia general de Colombia: </subfield>
    <subfield code="b">prehistoria, conquista, colonia, independencia y rep&#xFA;blica / </subfield>
    <subfield code="c">Rafael M. Granados</subfield>
  </datafield>
  <datafield tag="250" ind1=" " ind2=" ">
    <subfield code="a">Novena edici&#xF3;n</subfield>
  </datafield>
  <datafield tag="260" ind1=" " ind2=" ">
    <subfield code="a">[Bogota] : </subfield>
    <subfield code="b">Caja Social de Ahorros, </subfield>
    <subfield code="c">1984,</subfield>
  </datafield>
  <datafield tag="300" ind1=" " ind2=" ">
    <subfield code="a">581 p&#xE1;ginas : </subfield>
    <subfield code="b">ilustraciones, retratos, fotograf&#xED;as, mapas a blanco y negro ; </subfield>
    <subfield code="c">23 cm.</subfield>
  </datafield>
  <datafield tag="505" ind1="0" ind2=" ">
    <subfield code="a">Primitivos -- La conquista caracter&#xED;sticas -- La colonia o &#xE9;poca hisp&#xE1;nica caracter&#xED;sticas de la &#xE9;poca colonial  -- La independencia -- La rep&#xFA;blica --   </subfield>
  </datafield>
  <datafield tag="650" ind1=" " ind2=" ">
    <subfield code="a">Historia </subfield>
    <subfield code="z">Colombia</subfield>
    <subfield code="9">12082</subfield>
  </datafield>
  <datafield tag="650" ind1=" " ind2=" ">
    <subfield code="a">Chibchas </subfield>
    <subfield code="x">Historia </subfield>
    <subfield code="z">Colombia </subfield>
    <subfield code="9">12083</subfield>
  </datafield>
  <datafield tag="650" ind1=" " ind2=" ">
    <subfield code="a">Descubrimiento de Am&#xE9;rica </subfield>
    <subfield code="x">Historia </subfield>
    <subfield code="z">Colombia</subfield>
    <subfield code="9">12084</subfield>
  </datafield>
  <datafield tag="942" ind1=" " ind2=" ">
    <subfield code="2">ddc</subfield>
    <subfield code="c">BK</subfield>
  </datafield>
  <datafield tag="999" ind1=" " ind2=" ">
    <subfield code="c">6988</subfield>
    <subfield code="d">6988</subfield>
  </datafield>
  <datafield tag="952" ind1=" " ind2=" ">
    <subfield code="0">0</subfield>
    <subfield code="1">0</subfield>
    <subfield code="2">ddc</subfield>
    <subfield code="4">0</subfield>
    <subfield code="7">0</subfield>
    <subfield code="a">CPL</subfield>
    <subfield code="b">CPL</subfield>
    <subfield code="c">GEN</subfield>
    <subfield code="d">2018-04-15</subfield>
    <subfield code="e">Donaci&#xF3;n</subfield>
    <subfield code="l">15</subfield>
    <subfield code="m">4</subfield>
    <subfield code="o">986.1 / G748h</subfield>
    <subfield code="p">201810233</subfield>
    <subfield code="r">2025-11-11 08:08:36</subfield>
    <subfield code="s">2025-11-11</subfield>
    <subfield code="t">Ej.1</subfield>
    <subfield code="w">2018-04-15</subfield>
    <subfield code="y">BK</subfield>
  </datafield>
</record>
